Chanteurs internationaux par images - Statistiques

Statistiques générales
  • Ce quiz a été pris 65 fois
  • Le résultat moyen est 21 sur 41
Statistiques - réponses
Par images Hint Réponse % Correct
1991 Ed Sheeran
93%
1994 Justin Bieber
91%
1985 Bruno Mars
89%
1986 Drake
89%
1972 Eminem
89%
1990 The Weeknd
84%
1983 Mika
82%
1981 Justin Timberlake
78%
1977 Kanye West
73%
1976 50 cent
67%
1969 Jay Z
65%
1992 Sam Smith
65%
1989 Jason Derulo
64%
1967 Kurt Cobain
60%
1964 Lenny Kravitz
58%
1974 Robbie Williams
58%
1978 Usher
56%
1975 Enrique Iglesias
55%
1963 Seal
55%
1960 Bono
53%
1995 Post Malone
51%
1998 Shawn Mendes
51%
1993 Zayn Malik
51%
1999 Lil Nas X
49%
1996 Loïc Nottet
49%
1979 Adam Levine
47%
1984 Calvin Harris
40%
1965 Moby
40%
1971 Ricky Martin
38%
1982 Lil Wayne
36%
1988 ASAP Rocky
35%
1961 Boy George
33%
1973 Akon
31%
1987 Kendrick Lamar
25%
1968 Shaggy
24%
1980 Taio Cruz
24%
1962 Jon Bon Jovi
22%
2000 Lil Pump
16%
1966 Jeff Buckley
15%
1970 DMX
9%
1997 Desiigner
4%
Aucun quiz correspondant
Distribution des résultats
% des personnes avec chaque résultat
Percentile par nombre de réponses
Votre historique - résultats
Vous n’avez pas pris ce quiz